Diccionario manual griego : Griego clásico - Español
Salvato in:
| Ente Autore: | |
|---|---|
| Natura: | Libro |
| Lingua: | Undetermined |
| Pubblicazione: |
Barcelona, España
J. M. Pabón de Urbina
2006
|
| Edizione: | 19 |
| Soggetti: | |
| Tags: |
Aggiungi Tag
Nessun Tag, puoi essere il primo ad aggiungerne!!
|
MARC
| LEADER | 00000nam a2200000Ia 4500 | ||
|---|---|---|---|
| 008 | 170316s9999 xx 000 0 und d | ||
| 090 | |a R-413 P-1d GRI-ESP | ||
| 110 | |a Pabón S. de Urbina, José M. | ||
| 245 | |a Diccionario manual griego : Griego clásico - Español | ||
| 250 | |a 19 | ||
| 260 | |a Barcelona, España | ||
| 260 | |b J. M. Pabón de Urbina | ||
| 260 | |c 2006 | ||
| 300 | |a 711 páginas | ||
| 650 | |a REFERENCIA | ||
| 650 | |a DICCIONARIO GRIEGO CLÁSICO - ESPAÑOL | ||
| 650 | |a APÉNDICE GRAMÁTICAL | ||
| 650 | |a MORFOLOGÍA | ||
| 650 | |a SINTAXIS | ||
| 650 | |a DECLINACIÓN | ||
| 650 | |a CONTRACTOS | ||
| 650 | |a NOMINATIVO SIGMÁTICO | ||
| 650 | |a NOMINATIVO ASIGMÁTICO | ||
| 650 | |a DIPTONGO | ||
| 650 | |a ADJETIVOS | ||
| 650 | |a CONJUGACIÓN | ||
| 650 | |a AORISTO | ||
| 650 | |a PERFECTO | ||
| 650 | |a PASIVA | ||
| 650 | |a AUMENTO | ||
| 650 | |a PRESENTE | ||
| 650 | |a VERBO | ||
| 650 | |a INDICATIVO | ||
| 650 | |a SUBJUNTIVO | ||
| 650 | |a OPTATIVO IMPERATIVO | ||
| 650 | |a INFINITIVO | ||
| 650 | |a ORACIONES SUBORDINADAS | ||
| 040 | |a cru BVZT | ||
| 942 | 0 | 0 | |0 1 |
| 999 | |c 30306 |d 30306 | ||
